| 000 | 00482nam a2200193 4500 | ||
|---|---|---|---|
| 003 | OSt | ||
| 008 | 241007b |||||||| |||| 00| 0 eng d | ||
| 020 | _a9789384638986 | ||
| 041 | _amal | ||
| 082 |
_a954.83 _bMOR/KE |
||
| 100 |
_aMore, J B P _96315 |
||
| 245 | _aKeralathile muslingal / | ||
| 250 | _a1st ed. | ||
| 260 |
_aCalicut : _bProgress Publication, _c2021. |
||
| 300 | _a233p. | ||
| 650 |
_aHistory _96316 |
||
| 700 |
_aMuhammed, Shibu - translator. _96317 |
||
| 942 | _cBK | ||
| 999 |
_c18136 _d18136 |
||